000 00473nam a2200169Ia 4500
999 _c1131
_d1131
003 OSt
005 20200928131342.0
008 190216s9999||||xx |||||||||||||| ||und||
040 _coclc
082 _a581.012
_bHEY/P
100 _aHeywood, V H
_95079
245 0 _aPlant Taxonomy /
_cV H Heywood
260 _bEnglish Language Book Society,
_c1967.
_aLondon:
300 _a59p
650 _aBotany
942 _cBK
_2ddc
_h581.012
_iHEY/P
_k581.012
_mHEY/P